Famous Ohioans by Picture #1 - Statistics

General Stats
  • This quiz has been taken 71 times
  • The average score is 10 of 16
Answer Stats
Picture Answer % Correct
Neil Armstrong
95%
Jesse Owens
84%
John Legend
82%
LeBron James
80%
Orville and Wilbur Wright
80%
Simone Biles
80%
Ulysses S. Grant
75%
William H. Taft
75%
Steven Spielberg
61%
Halle Berry
57%
Thomas Edison
55%
Doris Day
52%
R.L. Stine
34%
Gloria Steinem
30%
Toni Morrison
18%
Mike Faist
5%
No matching quizzes found
Score Distribution
Percent of People with Each Score
Percentile by Number Answered
Your Score History
You have not taken this quiz